00657nam a22001937a 4500999001900000005001700019010001300036020002600049035001200075037001600087082001700103100003100120245008100151246005300232260003900285270008500324300002200409942003200431 c188159d18815920220511150515.0 aUR-11547 c250.00a9789390579228 aU-10102 bDBAD/PUBa- a270.5002Ist aعبد ا لغنی شيخ  aا سلا م ا و ر سا ينسc عبد ا لغنی شيخ hا ر د و  bIslam Aur Science (Urdu)aby Abdul Ghani Shaikh aN.DelhibApplied Books c2022 ء  a1739/104,M.P. Street Pataudi House Darya Ganj ,bNew Delhi e110002k23266347l- a184 صc22 Cm(Hb) 2ddccURh270.500mش ے خ